000 00946cam a22002891 4500
001 21029
003 BD-RjUL
005 20211209000635.0
008 140303r19681939-cn 001 0 eng
035 _a(BD-RjUL)21091
035 _a(OCoLC)550111
040 _aDLC
_cOCanW
_dOCoLC
_dODaWU
_dFBoU
_dOCoLC
_dUk
_dDLC
_dBD-RjUL
_beng
041 _aeng
082 _a821.4
_bBUR 1968
100 1 _aBush, Douglas,
_d1896-1983.
_955811
245 1 4 _aThe Renaissance and English humanism /
_cby Douglas Bush.
260 _aToronto :
_bUniversity of Toronto Press,
_cc1939 [Reprinted 1968].
300 _a139 p. ;
_c22 cm.
490 0 _aThe Alexander lectures in English at the University of Toronto, 1939."
504 _aIncludes index.
600 1 0 _aMilton, John,
_d1608-1674
_xCriticism and interpretation.
_964993
650 0 _aHumanism.
_964989
650 0 _aRenaissance.
_964990
942 _2ddc
_cBK
999 _c21029
_d21029